000 00507nam a2200169Ia 4500
999 _c170
_d170
003 OSt
005 20210903110929.0
008 190216s9999||||xx |||||||||||||| ||und||
040 _coclc
082 _a297
_bALB/A
100 _aAl Baz, Abdul Azeez Bin Abdullah
_98765
245 0 _aAl Shaikh Muhammad Ibn Abdul Wahhab /
_cAbdul Azeez Bin Abdullah Al Baz
260 _bDarul Quran Ul Kareem,
_aBeirut:
300 _a121p
650 _aArabic
942 _cBK
_2ddc
_h297
_iALB/A
_k297
_mALB/A